Central Library OPAC University of Rajshahi

Bangla Desh documents / (Record no. 31587)

MARC details
000 -LEADER
fixed length control field 00790nam a2200229 a 4500
001 - CONTROL NUMBER
control field 31587
003 - CONTROL NUMBER IDENTIFIER
rucl marc code BD-RjUL
005 - DATE AND TIME OF LATEST TRANSACTION
control field 20211209051725.0
008 - FIXED-LENGTH DATA ELEMENTS--GENERAL INFORMATION
fixed length control field 180912s1972 ii b 001 0 engdd
035 ## - SYSTEM CONTROL NUMBER
System control number (BD-RjUL) 31675
040 ## - CATALOGING SOURCE
Original cataloging agency BD-RjUL
Transcribing agency BD-RjUL
Modifying agency BD-RjUL
Language of cataloging eng
041 1# - LANGUAGE CODE
Language code of text/sound track or separate title eng
082 00 - DEWEY DECIMAL CLASSIFICATION NUMBER
Classification number 954.9205
Author mark and year INB 1972
110 1# - MAIN ENTRY--CORPORATE NAME
Corporate name or jurisdiction name as entry element India
Subordinate unit Ministry of External Affairs,
9 (RLIN) 222462
245 ## - TITLE STATEMENT
Title Bangla Desh documents /
Statement of responsibility, etc. India. Ministry of External Affairs
260 ## - PUBLICATION, DISTRIBUTION, ETC. (IMPRINT)
Place of publication, distribution, etc. Madras : B.N.K. Pr., o.J.u1972.
Name of publisher, distributor, etc. B.N.K. Press Pvt. Ltd.
Date of publication, distribution, etc. [1972]
300 ## - PHYSICAL DESCRIPTION
Pagination xxiv, 719 p. ;
Size 24 cm.
504 ## - BIBLIOGRAPHY, ETC. NOTE
Bibliography, etc Includes bibliographical references
651 ## - SUBJECT ADDED ENTRY--GEOGRAPHIC NAME
Geographic name Bangladesh
General subdivision History
-- Revolution, 1971
Form subdivision Sources
9 (RLIN) 222463
Geographic name Bangladesh
General subdivision Politics and Government
Chronological subdivision 1971
Form subdivision Sources
9 (RLIN) 222464
942 ## - ADDED ENTRY ELEMENTS (KOHA)
Source of classification or shelving scheme Dewey Decimal Classification
Koha item type Books
Holdings
Lost status Source of classification or shelving scheme Damaged status Not for loan Collection code Permanent Location Current Location Shelving location Date acquired Source of acquisition Total Checkouts Full call number Date last seen Copy number Koha item type Cost, normal purchase price Total Renewals Date checked out
  Dewey Decimal Classification   Not For Loan Non-fiction Central Library, University of Rajshahi Central Library, University of Rajshahi Reading Room 11/09/1990 Professor Shawkot Osman   954.9205 INB 1972 12/09/2018 C-1 Books      
  Dewey Decimal Classification     Non-fiction Central Library, University of Rajshahi Central Library, University of Rajshahi   02/12/1974 Dacca, Standard publications 2 954.9205 INB 1972 22/02/2022 C-2 Books 30.00 1 11/01/2022
  Dewey Decimal Classification   Not For Loan Rare Books Central Library, University of Rajshahi Central Library, University of Rajshahi Rare Book Section 15/09/1973 Calcutta, K. P. Bagchi   RA 954.9205 INB 1972 12/09/2018 C-3 Rare Books      
  Dewey Decimal Classification     Non-fiction Central Library, University of Rajshahi Central Library, University of Rajshahi   02/12/1974 Dacca, Standard publications   954.9205 INB 1972 12/09/2018 C-4 Books 30.00    
  Dewey Decimal Classification     Non-fiction Central Library, University of Rajshahi Central Library, University of Rajshahi   15/09/1973 calcutta, K.P. Bagchi & co.   954.9205 INB 1972 26/11/2018 C-5 Books